| 000 | 00698nam a2200193 a 4500 | ||
|---|---|---|---|
| 001 | 000016987 | ||
| 005 | 20200929165011.0 | ||
| 008 | 100312s1996 dr 000 0 spa d | ||
| 040 |
_aDO-SdBNP _bspa _cBNPHU |
||
| 082 |
_axxx _bM316p |
||
| 100 | 1 |
_aMarchena Pérez, Enrique, _d1935- _937528 |
|
| 245 | 1 | 3 |
_aLa política judicial el debido proceso de ley / _cEnrique Marchena Pérez; prólogo Juan Ml. Pellerano Gómez. |
| 260 |
_aSanto Domingo : _bPepalería Gamma, _c1996. |
||
| 300 |
_a104 p. ; _c22 cm. |
||
| 500 | _aIncluye datos biográficos del autor en la contracubierta | ||
| 504 | _aIncluye bibliografías [p. 101] | ||
| 700 | 1 |
_aPellerano Gómez, Juan Ml. _epról. _911850 |
|
| 049 | _aBNPD | ||
| 999 |
_c16515 _d16515 |
||